Central Library OPAC University of Rajshahi

অমিয় চক্রবর্তী : (Record no. 86448)

MARC details
000 -LEADER
fixed length control field 00990nam a2200229 a 4500
001 - CONTROL NUMBER
control field 86448
003 - CONTROL NUMBER IDENTIFIER
rucl marc code BD-RjUL
005 - DATE AND TIME OF LATEST TRANSACTION
control field 20260507113733.0
008 - FIXED-LENGTH DATA ELEMENTS--GENERAL INFORMATION
fixed length control field 260507s2026 bg ||||| |||| 00| 0 ben d
020 ## - INTERNATIONAL STANDARD BOOK NUMBER
International Standard Book Number 9789843906502
035 ## - SYSTEM CONTROL NUMBER
System control number (BD-RjUL)86448
040 ## - CATALOGING SOURCE
Original cataloging agency BD-RjUL
Language of cataloging eng
Transcribing agency BD-RjUL
041 ## - LANGUAGE CODE
Language code of text/sound track or separate title ben
082 ## - DEWEY DECIMAL CLASSIFICATION NUMBER
Edition number 23
Classification number 891.44409
Author mark and year AMI 2026
245 ## - TITLE STATEMENT
Title অমিয় চক্রবর্তী :
Remainder of title সাক্ষাৎ ও সন্ধানের ভাষ্য /
Statement of responsibility, etc. সংকলন ও সম্পাদনা সৌভিক রেজা
260 ## - PUBLICATION, DISTRIBUTION, ETC. (IMPRINT)
Place of publication, distribution, etc. ঢাকা :
Name of publisher, distributor, etc. কথাপ্রকাশ,
Date of publication, distribution, etc. ২০২৬
300 ## - PHYSICAL DESCRIPTION
Pagination ২৫৪ পৃ. ;
Size ২২ সেমি.
650 ## - SUBJECT ADDED ENTRY--TOPICAL TERM
Topical term or geographic name as entry element বাংলা সাহিত্য
General subdivision প্রবন্ধ
-- ইতিহাস, সমালোচনা ও গবেষণা
9 (RLIN) 18401
Topical term or geographic name as entry element Bengali Literature
General subdivision Essays
-- History, Criticism and Research
9 (RLIN) 18402
700 ## - ADDED ENTRY--PERSONAL NAME
Personal name রেজা, সৌভিক
942 ## - ADDED ENTRY ELEMENTS (KOHA)
Source of classification or shelving scheme Dewey Decimal Classification
Koha item type Books
Holdings
Lost status Source of classification or shelving scheme Damaged status Not for loan Permanent Location Current Location Shelving location Date acquired Source of acquisition Total Checkouts Full call number Date last seen Copy number Koha item type Collection code
  Dewey Decimal Classification   Not For Loan Central Library, University of Rajshahi Central Library, University of Rajshahi Reading Room 19/04/2026 Author   B 891.44409 AMI 2026 07/05/2026 C-1 Books  
  Dewey Decimal Classification     Central Library, University of Rajshahi Central Library, University of Rajshahi Reading Room 19/04/2026 Author   B 891.44409 AMI 2026 07/05/2026 C-2 Books Non-fiction